[Event "New Delhi Parsvnath op 10th"]
[Site "New Delhi"]
[Date "2012.01.17"]
[Round "5"]
[White "Shreyans, K Shah"]
[Black "Lalith, Babu MR"]
[Result "0-1"]
[WhiteElo "2218"]
[BlackElo "2484"]
[PlyCount "144"]
[EventDate "2012.01.15"]
[EventType "swiss"]
[EventRounds "11"]
[EventCountry "IND"]
[SourceTitle "CBM 146 Extra"]
[Source "ChessBase"]
[SourceDate "2012.02.29"]
[SourceVersion "1"]
[SourceVersionDate "2012.02.29"]
[SourceQuality "1"]

1. f4 Nf6 2. Nf3 d5 3. e3 Bf5 4. b3 g6 5. Bb2 Bg7 6. g3 c5 7. Bg2 Nc6 8. Ne5 Nxe5 9. Bxe5 Qd7 10. h3 h5 11. d3 0-0 12. Nd2 Rac8 13. Qe2 b5 14. e4 Be6 15. Nf3 Rfd8 16. Ng5 dxe4 17. dxe4 Nh7 18. Nf3 Nf6 19. Kf2 Qc6 20. Ng5 c4 21. Rhd1 Bh6 22. Nxe6 Qxe6 23. Qe3 a6 24. Ke2 Nd7 25. Bc3 h4 26. b4 hxg3 27. Kf3 Nf6 28. f5 Bxe3 29. fxe6 Bf2 30. Bxf6 exf6 31. e7 Re8 32. Rd7 Kg7 33. Rad1 Rc6 34. Rb7 Re6 35. Rdd7 Be1 36. a3 Bc3 37. Bf1 Be1 38. Bg2 Re5 39. h4 Bc3 40. Ra7 Be1 41. Ke2 Bf2 42. Rxa6 R8xe7 43. Rxe7 Rxe7 44. Ra5 Re5 45. Kf3 f5 46. exf5 Rxf5+ 47. Kg4 Be1 48. Bf3 Kf6 49. a4 bxa4 50. Rxa4 Rb5 51. Kh3 Rf5 52. Kg2 Kg7 53. b5 Rxb5 54. Rxc4 f5 55. Rc6 Ra5 56. Re6 Bf2 57. h5 gxh5 58. Bxh5 Rc5 59. Re7+ Kh6 60. Bd1 Kg5 61. Rd7 Kf4 62. Rd3 Rc7 63. Rb3 Rh7 64. Bf3 Bd4 65. Kf1 Rc7 66. Bd1 Bc3 67. Kg2 Rd7 68. Rxc3 Rd2+ 69. Kg1 Rxd1+ 70. Kg2 Rd2+ 71. Kg1 Kg4 72. Rc8 f4 0-1

[Event "Wch U20 50th"]
[Site "Chennai"]
[Date "2011.08.07"]
[Round "6"]
[White "Bukhalaf, Khalil"]
[Black "Shreyans, K Shah"]
[Result "0-1"]
[WhiteElo "2004"]
[BlackElo "2203"]
[PlyCount "118"]
[EventDate "2011.08.02"]
[EventType "swiss"]
[EventRounds "13"]
[EventCountry "IND"]
[SourceTitle "CBM 143 Extra"]
[Source "ChessBase"]
[SourceDate "2011.08.29"]
[SourceVersion "1"]
[SourceVersionDate "2011.08.29"]
[SourceQuality "1"]

1. c4 f5 2. d4 e6 3. g3 Nf6 4. Bg2 c6 5. Nh3 d6 6. Nc3 Qc7 7. f4 d5 8. Nf2 Be7 9. Nd3 b6 10. Qc2 Ba6 11. cxd5 cxd5 12. Ne5 0-0 13. 0-0 Rc8 14. Re1 Nc6 15. Nxc6 Qxc6 16. Bd2 Ne4 17. Rac1 Qd7 18. Qd1 Nd6 19. b3 Nb7 20. Nb1 b5 21. Bc3 Rc7 22. Bb2 Bb4 23. Rxc7 Qxc7 24. Rf1 Rc8 25. Qd3 Qb6 26. Rc1 Rxc1+ 27. Bxc1 Qc6 28. Bd2 Be7 29. Qc3 Qxc3 30. Bxc3 b4 31. Be1 Bxe2 32. Kf2 Bb5 33. Nd2 a5 34. Bf1 Bxf1 35. Kxf1 Nd6 36. Nf3 Bf6 37. Ke2 Ne4 38. Kd3 Kf7 39. Nd2 Nc3 40. Nf3 Ne4 41. Nd2 g5 42. Nb1 Be7 43. fxg5 Bxg5 44. h4 Bh6 45. a3 Bf8 46. axb4 Bxb4 47. Bxb4 axb4 48. Nd2 Nxd2 49. Kxd2 Kf6 50. Ke3 e5 51. Kd3 h5 52. Ke3 Ke6 53. Kd3 exd4 54. Kxd4 Kd6 55. Ke3 Ke5 56. Kd3 d4 57. Kc4 Ke4 58. Kxb4 d3 59. Kc3 Ke3 0-1